Statystyki dla Stolice Regionów - Niemcy

Kliknij tutaj aby rozwiązać quiz!

Ogólne statystyki

  • Ten quiz został rozwiązany 337 razy
  • Średni wynik to 9 z 16

Statystyki odpowiedzi

RegionMiasto% Poprawnych
BerlinBerlin
100%
HamburgHamburg
97%
BawariaMonachium
97%
BremaBrema
87%
SaksoniaDrezno
76%
Badenia-WirtembergiaStuttgart
65%
Nadrenia Północna-WestfaliaDüsseldorf
57%
Dolna SaksoniaHanower
56%
BrandenburgiaPoczdam
50%
SaaraSaarbrücken
45%
Szlezwik-HolsztynKilonia
42%
Saksonia-AnhaltMagdeburg
39%
TuryngiaErfurt
34%
Nadrenia-PalatynatMoguncja
24%
Meklemburgia-Pomorze PrzednieSchwerin
24%
HesjaWiesbaden
22%

Rozkład punktacji

Percentyl według liczby udzielonych odpowiedzi

Procent ludzi z każdym wynikiem

Twoja historia wyników

Nie rozwiązałeś tego quizu